La auditoría administrativa
Збережено в:
| Автор: | |
|---|---|
| Формат: | Книга |
| Мова: | Іспанська |
| Опубліковано: |
Ciudad de México
Diana
1973
|
| Предмети: | |
| Теги: |
Додати тег
Немає тегів, Будьте першим, хто поставить тег для цього запису!
|
MARC
| LEADER | 00000nam a2200000 a 4500 | ||
|---|---|---|---|
| 001 | UCW2802 | ||
| 003 | CL-VaPUC | ||
| 008 | 910913e19730000MX |||||||||||||||||spa|d | ||
| 082 | 0 | 4 | |a 657.45 |b FER |2 21 |
| 100 | 0 | |a Fernández Arena, José Antonio |e author |9 307106 | |
| 245 | 1 | 3 | |a La auditoría administrativa |
| 300 | |a 227 p | ||
| 942 | |c BK | ||
| 945 | |d 19910913 00:00:00 | ||
| 260 | |a Ciudad de México |b Diana |c 1973 | ||
| 650 | 0 | |a Auditoría administrativa |9 307107 | |
| 583 | |a last modification |c 19910913 00:00:00 |k Rodrigo Vera | ||
| 999 | |c 217242 |d 217240 | ||
| 952 | |0 0 |1 0 |4 0 |6 657_450000000000000_FER_1973 |7 0 |8 A |9 204294 |a BIBGIM |b BIBGIM |d 2019-11-15 |i 1404865 |o 657.45 FER 1973 |p 1404865 |r 2025-01-15 |w 2019-11-15 |y BK |k COM | ||